|
|
|
|
| LEADER |
01576nam a2200373 a 4500 |
| 001 |
EBC3398934 |
| 003 |
MiAaPQ |
| 005 |
20200520144314.0 |
| 006 |
m o d | |
| 007 |
cr cn||||||||| |
| 008 |
130426s1995 fr a sb 000 0 fre d |
| 020 |
|
|
|z 2853624129
|
| 020 |
|
|
|z 9782853624121
|
| 020 |
|
|
|z 9782759207022 (e-book)
|
| 035 |
|
|
|a (MiAaPQ)EBC3398934
|
| 035 |
|
|
|a (Au-PeEL)EBL3398934
|
| 035 |
|
|
|a (CaPaEBR)ebr10686451
|
| 035 |
|
|
|a (OCoLC)923342939
|
| 040 |
|
|
|a MiAaPQ
|c MiAaPQ
|d MiAaPQ
|
| 050 |
|
4 |
|a TD887.A66
|b M63 1995
|
| 100 |
1 |
|
|a Moal, Jean-Francois.
|
| 245 |
1 |
0 |
|a Volatilisation de l'azote ammoniacal des lisiers apres epandage
|h [electronic resource] :
|b Quantification et etude des facteurs d'influence /
|c Jean-Francois Moal.
|
| 250 |
|
|
|a 1er ed.
|
| 260 |
|
|
|a [Versailles] :
|b Cemagref,
|c 1995.
|
| 300 |
|
|
|a 230 p. :
|b ill.
|
| 490 |
1 |
|
|a Etudes. Equipements pour l'eau et l'environnement,
|x 1258-276X ;
|v 20
|
| 502 |
|
|
|a These, Presentee par Jean-Francois Moal, Pour obtenir le titre de Docteur de l'Universite de Perpignan, Specialite : agro-chimie.
|
| 504 |
|
|
|a Includes bibliographical references.
|
| 533 |
|
|
|a Electronic reproduction. Ann Arbor, MI : ProQuest, 2015. Available via World Wide Web. Access may be limited to ProQuest affiliated libraries.
|
| 650 |
|
0 |
|a Ammonia
|x Environmental aspects.
|
| 655 |
|
4 |
|a Electronic books.
|
| 710 |
2 |
|
|a ProQuest (Firm)
|
| 830 |
|
0 |
|a Etudes.
|p Equipements pour l'eau et l'environnement ;
|v 20.
|
| 856 |
4 |
0 |
|u https://ebookcentral.proquest.com/lib/matrademy/detail.action?docID=3398934
|z Click to View
|